000 00701nam a22001937a 4500
999 _c61367
_d61367
005 20240226110316.0
008 240226s1997 enk||||| |||| 00| 0 eng d
020 _a0006388701x
041 _aeng
080 _a821+27 The 44
245 _aThe Literary Guide To The Bible /
_cEdited Robert Alter and Frank Kermode.
264 _aLondon :
_bFontana Press,
_c1997.
300 _a678 p. ;
_b20 cm.
653 _aბიბლიის ლიტერატურული გზამკვლევი
653 _aრელიგია
700 _aAlter, Robert
_eრედაქტორი
_921286
700 _aKermode, Frank
_eრედაქტორი
_921287
942 _2udc
_cᲬᲘᲒᲜᲘ